00576nam a2200205 a 4500001001300000003000900013005001700022008004100039020002300080082001700103100002300120245006700143260004400210300000900254500003500263505002300298650001200321650001400333700002300347nice12345678IN_TiNIC20260116013657.0050524s1978 lona grp 000 0 eng  a019108X c22000a320.532bKOL aKolakowski, Leszek aMain Currents of Marxismb Its Origins, Growth and Dissolution aLondan bOxford University Press c1978 a542p aincludes index and biblioraphy2 aBibl, Notes, Index aMarxism aCommunism1 aKolakowski, Leszek